|
|
|
|
| LEADER |
01108nam a22002652a 4500 |
| 001 |
000114009 |
| 003 |
CZ BrMZK |
| 005 |
19970103143423.0 |
| 008 |
970103s1990 xr f cze d |
| 015 |
|
|
|a cnb000058396
|
| 035 |
|
|
|a (OCoLC)85664695
|
| 040 |
|
|
|a BOA001
|b cze
|
| 080 |
|
|
|a 696(076.5)
|2 MRF
|
| 100 |
1 |
|
|a Houšková, Marta,
|d 1947-
|7 ntka172638
|
| 245 |
1 |
0 |
|a Technická zařízení budov I :
|b zdravotní technika : cvičení /
|c Marta Houšková, Vladimír Jelínek, Markéta Petrová
|
| 250 |
|
|
|a 2. přeprac. vyd.
|
| 260 |
|
|
|a Praha :
|b České vysoké učení technické,
|c 1990
|
| 300 |
|
|
|a 99 s.
|
| 700 |
1 |
|
|a Jelínek, Vladimír,
|d 1939-
|7 jn19990216083
|
| 700 |
1 |
|
|a Petrová, Markéta
|7 jx20080901011
|
| 856 |
4 |
1 |
|u http://www.digitalniknihovna.cz/mzk/uuid/uuid:ce16eee0-9936-11e3-8e84-005056827e51
|y Digitalizovaný dokument
|x NDK
|
| 910 |
|
|
|a BOA001
|b TK-A-0245.633
|
| 990 |
|
|
|a BK
|
| 996 |
7 |
|
|b 2629980667
|c TK-A-0245.633
|l MZK
|r Sklad / do 24 hodin
|n 1
|w 000114009
|u 000010
|a 1
|e BOA001
|j MZK50
|s A
|
| 996 |
7 |
|
|b 2629986028
|c TK-A-0245.633
|l MZK
|r Sklad / do 24 hodin
|n 1
|w 000114009
|u 000020
|a 1
|e BOA001
|j MZK50
|s A
|